000
00228 a2200097 4500
001
36688
100
_a
SOE Christian
245
_a
Comparative politics 88/89
260
_a
Virginia
_b
Dushkin pub group
_c
090
_c
23734
_d
23734
942
_a
NUST-CAE
_c
M
_c
15263
999
_c
271761
_d
271761